Weather and climate / (Record no. 8401)

MARC details
000 -LEADER
fixed length control field 00826nam a22002537a 4500
001 - CONTROL NUMBER
control field 8401
003 - CONTROL NUMBER IDENTIFIER
control field FISKH
005 - DATE AND TIME OF LATEST TRANSACTION
control field 20250910145331.0
008 - FIXED-LENGTH DATA ELEMENTS--GENERAL INFORMATION
fixed length control field 250910b cb ||||| |||| 00| 0 eng d
020 ## - INTERNATIONAL STANDARD BOOK NUMBER
International Standard Book Number 1856979407
040 ## - CATALOGING SOURCE
Original cataloging agency FISKH
Language of cataloging eng
Transcribing agency FISKH
Modifying agency FISKH
082 ## - DEWEY DECIMAL CLASSIFICATION NUMBER
Classification number 551.6
100 ## - MAIN ENTRY--PERSONAL NAME
Personal name Taylor, Barbara
245 ## - TITLE STATEMENT
Title Weather and climate /
Statement of responsibility, etc. By Barbara Taylor
250 ## - EDITION STATEMENT
Edition statement First American Edition 1993
260 ## - PUBLICATION, DISTRIBUTION, ETC.
Place of publication, distribution, etc. New York :
Name of publisher, distributor, etc. Kingfisher Books,
Date of publication, distribution, etc. 1992.
300 ## - PHYSICAL DESCRIPTION
Extent 31 pages :
Other physical details color illustrations ;
Dimensions 24 cm .
505 ## - FORMATTED CONTENTS NOTE
Formatted contents note H <br/>
520 ## - SUMMARY, ETC.
Summary, etc. An introduction to weather and climate, discussing world climates, seasons, violent weather, weather pollution, and the elements of changing weather.
521 8# - TARGET AUDIENCE NOTE
Target audience note 450 <br/>
Source Lexile estimate <br/>
521 8# - TARGET AUDIENCE NOTE
Target audience note H <br/>
Source Raz-Plus <br/>
942 ## - ADDED ENTRY ELEMENTS (KOHA)
Source of classification or shelving scheme Dewey Decimal Classification
Koha item type Books
Suppress in OPAC No
Holdings
Withdrawn status Lost status Source of classification or shelving scheme Damaged status Not for loan Collection Home library Current library Shelving location Date acquired Total Checkouts Full call number Barcode Date last seen Price effective from Koha item type
    Dewey Decimal Classification     Non-Fiction Footprints International School Library Network Toul Tom Poung Campus Footprints International School Library Network Toul Tom Poung Campus TTP Primary Dark Blue Bookshelves 09/10/2025   TAY 551.6 FIS01453 09/10/2025 09/10/2025 Books